00827nam a2200205 a 450000100060000000300090000600800410001502000150005604000280007108200170009910000360011624500480015225000060020026000310020630000080023750503090024565000290055465000210058365000170060421747CO-ViMGA141112s2004 ck r 000 u spa d a9583500658 aCO-ViMGAbspacCO-ViMGA04a345.06 F715l1 aFramarino dei Malatesta, Nicola10aLógica de las pruebas en materia criminal a4 aBogotá : bTemis, c2002 a2 V aTomo 1 : De la prueba en general 95 - - División objetiva de las pruebas - prueba directa y prueba indirecta 177 - - División subjetiva de las pruebas - De la prueba real y la prueba personal 357 - - Tomo 2 : De la prueba testimonial 15 - - De la prueba documental 341 - - De la prueba material 397 14aInvestigación CRIMINAL14aPRUEBA (DERECHO)14aPRUEBA PENAL